000 00839cam a22002653a 4500
001 27975
003 PGUSA
005 20140828083614.0
008 090203s2009||||xxu|||||s|||||000 | eng d
040 _aPGUSA
_beng
042 _adc
050 4 _aQL
100 1 _aVasey, George,
_d1822-1893
245 1 0 _aDelineations of the Ox Tribe :
_bThe Natural History of Bulls, Bisons, and Buffaloes. : Exhibiting all the Known Species and the More Remarkable Varieties of the Genus Bos.
_h[electronic resource] /
_cGeorge Vasey
260 _bProject Gutenberg,
_c2009
506 _aPublic domain in the USA.
516 _aElectronic text
653 _aBuffaloes
653 _aCattle
653 _aAmerican bison
653 _aOxen
830 0 _aProject Gutenberg
_v27975
856 4 0 _uhttp://www.gutenberg.org/ebooks/27975
942 _cEB
999 _c257230
_d257230